书目信息 |
| 题名: |
笔生花
|
|
| 作者: | 邱心如 著 | |
| 分册: | 中册 | |
| 出版信息: | 郑州 中州古籍出版社 1984.8 |
|
| 页数: | 515页 | |
| 开本: | 20cm | |
| 丛书名: | ||
| 单 册: | ||
| 中图分类: | I239.1 | |
| 科图分类: | ||
| 主题词: | 戏剧文学--剧本--中国 | |
| 电子资源: | ||
| ISBN: | ||
| 000 | 00525nam0 2200193 45 | |
| 001 | 0312221749 | |
| 005 | 20031229162603.6 | |
| 010 | @dCNY7.70 | |
| 100 | @a20031222d1984 km y0chiy0120 ea | |
| 101 | @achi | |
| 105 | @a z 000yy | |
| 200 | 1 | @a笔生花@h中册@ABi Sheng Hua@f邱心如著@FQiu Xin Ru Zhu |
| 210 | @a郑州@c中州古籍出版社@d1984.8 | |
| 215 | @a515页@d20cm | |
| 606 | 0 | @a戏剧文学@x剧本@x中国 |
| 690 | @aI239.1@v3 | |
| 701 | 0 | @a邱心如@4著 |
| 801 | @aCN@bTSTCL@c20031222 | |
| 905 | @a213230@dI239.1@e55:2@b142092-093@f2 | |
| 笔生花.中册/邱心如著.-郑州:中州古籍出版社,1984.8 |
| 515页;20cm |
| ISBN :CNY7.70 |
| ● |
| 相关链接 |
|
|
|
|
正题名:笔生花
索取号:I239.1/55:2
 
预约/预借
| 序号 | 登录号 | 条形码 | 馆藏地/架位号 | 状态 | 备注 |
| 1 | 0142092 | 000962444 | 第二借阅区/ [索取号:I239.1/55:2] | 在馆 | |
| 2 | 0142093 | 000962435 | 第一样本阅览室/ [索取号:I239.1/55:2] | 在馆 |